[Event "United Insurance 6th"]
[Site "Dhaka"]
[Date "2003.03.13"]
[Round "6"]
[White "Rahman, Ziaur"]
[Black "Hossain, Enamul"]
[Result "1-0"]
[WhiteElo "2542"]
[BlackElo "2451"]
[Annotator "Stohl,I"]
[PlyCount "69"]
[EventDate "2003.03.08"]
[EventType "tourn"]
[EventRounds "13"]
[EventCountry "BAN"]
[EventCategory "9"]
[SourceTitle "CBM 095"]
[Source "ChessBase"]
[SourceDate "2003.07.25"]
[SourceVersion "1"]
[SourceVersionDate "2003.07.25"]
[SourceQuality "1"]

1. Nf3 c5 2. c4 Nc6 3. d4 cxd4 4. Nxd4 Nf6 5. g3 Qb6 6. Nc2 e6 7. Bg2 d5 8. O-O
(8. cxd5 exd5 9. O-O Be6 10. Nc3 Rd8 $1 11. Bg5 Be7 12. Bxf6 Bxf6 13. Nxd5 Bxd5
14. Bxd5 Ne7 15. e4 Nxd5 16. exd5 O-O 17. a4 Qxb2 18. Rb1 Qe5 19. Ne3 b6 $15 {
Bischoff,K-Ftacnik,L/Hastings/2001/}) 8... dxc4 {Instead of sacrificing a pawn
himself Black decides to accept the offer.} (8... Be7 9. cxd5 exd5 10. Nc3 O-O
$5 (10... Be6 11. Nxd5 $1 Bxd5 12. Bxd5 Rd8 (12... Nxd5 $5 13. Qxd5 O-O $14 {
/~~}) 13. Bxc6+ bxc6 14. Qe1 Ne4 15. Kg2 Qc5 16. Na3 Qe5 17. Rb1 O-O 18. f3
Bxa3 19. bxa3 Qe6 $6 20. Rb3 Nd6 21. Qf2 Nf5 22. Rc3 a5 23. a4 Qxa2 24. e4 $16
{/+-,Lautier,J-Wedberg,T/EU-chT Leon/2001/}) 11. Nxd5 Nxd5 12. Qxd5 (12. Bxd5
$5 Bh3 13. Re1 Bc5 14. Be3 Rad8 15. Bxc5 Qxc5 16. e4 $14) 12... Be6 13. Qe4 Bf6
14. a4 Rac8 15. Be3 Qxb2 16. Rab1 Qa2 17. Rxb7 a5 18. Rb6 Ne7 19. Nd4 {Gelfand,
B-Ivanchuk,V/Polanica Zdroj/2000/} Bd5 20. Qg4 Bxg2 21. Kxg2 Nd5 $44) 9. Nba3 (
9. Nca3 Qa6 (9... Be7 10. Nxc4 Qc5 11. Nba3 O-O 12. e3 Rd8 13. Qe2 Rb8 14. Bd2
Ne5 15. Nxe5 Qxe5 16. Bc3 Qh5 17. Qxh5 Nxh5 18. Be5 Ra8 19. Nb5 $16 {Williams,
A-Richards,J/Bristol/1990/}) 10. b3 Be7 (10... cxb3 $5 11. axb3 Be7 $13 {
/=/+ is a better version of a position, which could arise in the game-there
the Nc2 protects the Ra1.}) 11. bxc4 $6 (11. Nxc4 $142) 11... O-O 12. Nb5 Qa5
13. Bd2 Qd8 14. Bf4 e5 15. Bg5 Bg4 16. Nd2 Rc8 17. h3 Be6 18. Qa4 Qd7 19. Kh2
Ng4+ 20. hxg4 Bxg5 $15 {Alburt,L-De Firmian,N/New York/1985/}) (9. Ne3 Qa6 10.
Nd2 Ne5 11. Qc2 Bd7 12. Qc3 Ng6 13. Qxc4 b5 14. Qd4 Bc6 15. Ng4 Nxg4 16. Qxg4
Be7 17. e4 O-O 18. Nb3 Rad8 19. Be3 Ne5 20. Qh5 Nc4 21. Bd4 e5 22. Bc5 Bxc5 23.
Nxc5 Qb6 24. b4 a5 $36 {Rahman,Z-Shariyazdanov,A/Guntur AP/2000/}) (9. Nc3 Be7
10. Ne3 O-O (10... Qa6 $5 $13) 11. Nxc4 Qa6 12. Qa4 Qxa4 13. Nxa4 Nd4 14. Nc3
Bb4 15. e3 Bxc3 16. bxc3 Ne2+ 17. Kh1 Nxc1 18. Rfxc1 Rb8 19. Na5 (19. Nd6 $5
$14) 19... b6 20. Nc6 Rb7 21. c4 {Bu Xiangzhi-Bartel,M/WChJ Heraklio/2002/} Rc7
22. c5 Bb7 23. cxb6 axb6 $11) 9... Qa6 10. b3 (10. Nd4 Bxa3 11. Nxc6 $5 (11.
bxa3 Bd7 12. Rb1 $1 O-O 13. Nb5 $15) 11... Bd7 $5 (11... bxc6 12. bxa3 $44) 12.
Ne5 Bc5 13. Qc2 Rc8 $13) 10... c3 $5 $146 {Taking the P is quite risky, as
it's not easy to get the Ke8 out off the [+].} (10... cxb3 11. axb3 {[%csl Re8]
} Qb6 (11... Bd7 12. Nc4 Qb5 13. Ba3 $5 $36) (11... Nd5 $142 $5) 12. Be3 Qd8
13. Qxd8+ Kxd8 14. Nb5 Bd7 15. Rfd1 a6 16. Bb6+ Kc8 17. Ne3 Rb8 18. Nd6+ Bxd6
19. Rxd6 Ra8 20. Nc4 Nb4 21. Ba5 Nc6 22. Nb6+ Kc7 23. Rxc6+ Bxc6 24. Nxa8+ Kd6
25. Bb4+ Kd7 26. Rd1+ Bd5 27. Nb6+ Kc6 28. Nxd5 {1-0,Rocabert Andreu,
G-Hernando Rodrigo,J/Montcada/1999/}) 11. Nc4 ({White plays a more ambitious 
(and more risky) continuation than} 11. Nb1 Be7 12. Nxc3 O-O $11) 11... Na5 (
11... Nd5 12. e4 (12. Bxd5 exd5 13. Qxd5 Be6 14. Qd3 Be7 $36) 12... Ndb4 (12...
Nb6 13. Nd6+ Bxd6 14. Qxd6 $40) 13. Nxb4 (13. e5 $5 $13) 13... Bxb4 14. Qg4 $44
(14. Nd6+ Ke7 $15)) (11... Be7 12. Nd6+ Bxd6 13. Qxd6 $44) 12. N2e3 Be7 (12...
Rb8 {[%cal Rb7b5] /\b5} 13. Nxa5 Qxa5 14. Nc4 {[%cal Rc1f4] /\Bf4->}) (12...
Nxc4 $142 13. Nxc4 Bd7 $5 14. Qd3 (14. Qc2 Rc8 $5 $13 {and White still has to
prove he has enough for the P.} (14... Bc6 15. Qxc3 Bxg2 16. Kxg2 Be7 (16...
Qc6+ 17. Qf3 $8 Qxf3+ 18. Kxf3 Be7 19. Bb2 $32) 17. Bb2 O-O $11)) 14... Bc6 (
14... Rc8 15. Rd1 Bc6 16. Qxc3 $1 $36 {/\} b5 17. Nd6+ Bxd6 18. Rxd6 Bxg2 19.
Rxa6 Rxc3 20. Kxg2 $16) 15. Qxc3 {-14.Qc2}) 13. Qc2 Nxc4 14. Nxc4 Bd7 15. Qxc3
Rc8 (15... Bc6 16. Qa5 $5 (16. e4 $2 Bxe4 17. Bxe4 Nxe4 {/\} 18. Qxg7 Bf6 $17)
16... Bxg2 (16... Qxa5 17. Bxc6+ bxc6 18. Nxa5 Bb4 19. Nc4 $1 $14) 17. Qxa6
bxa6 18. Kxg2 $14 {[%csl Ra6,Ra7] ק_|_}) 16. a4 O-O (16... Bc6 17. e4 $1 O-O (
17... Bxe4 $2 18. Nd6+ $18) 18. Bb2 {-16...0-0}) 17. Bb2 Bc6 18. e4 $1 $14 {
[%csl Ra6][%cal Ga1h8] |^/^a1-h8,ףa6 White has managed to avoid the exchange
of B and thanks his pressure on the /^ a1-h8 and Black's misplaced Q he is
somewhat better.} Rfd8 (18... b6 $5 {[%cal Ya6b7] /\Qb7}) 19. g4 $5 {White
wants to free the long /^.} Bf8 20. Rfe1 Bc5 {[%cal Rc5d4] /\Bd4} (20... Nxg4
$6 21. Bf1 $1 Be8 22. Qg3 f5 (22... Nh6 23. Bf6 $16 {wins an exchange
immediately.}) 23. h3 Nh6 $8 24. Bf6 $1 f4 25. Qg2 f3 26. Qg3 $16) 21. Red1
Rxd1+ 22. Rxd1 Bf8 (22... b5 23. Ne5 (23. axb5 $14) 23... Be8 24. Qf3 $5 $36)
23. Ne5 Qb6 24. g5 Nd7 $1 (24... Bb4 $2 25. Qf3 $1 Bxe4 26. Qf4 $18) 25. Ng4 $1
{[%cal Rg4h6] /\Nh6} (25. Nxd7 Bxd7 26. Qd4 Qxd4 27. Bxd4 b6 $11 {/\} 28. Bxg7
Bxa4 $1 29. Bxf8 $6 Bxb3 30. Rb1 Bc2 $15) (25. Nxc6 Rxc6 26. Qg3 Nc5 $132)
25... e5 (25... Kh8 26. Nh6 f6 27. Nf7+ Kg8 28. Nd6 $40) 26. Qg3 (26. Nxe5 Nxe5
27. a5 Qb5 28. Qxe5 Qxb3 $11) 26... Re8 (26... Qb4 $2 27. Nh6+ gxh6 28. gxh6+
Kh8 29. Rxd7 $18) 27. h4 {White doesn't want to open the position yet.} (27.
Nxe5 Nxe5 28. Bxe5 Bc5 29. Ba1 Rd8 $5 $14 (29... Bxe4 30. Re1 $1 Qg6 31. Bxg7
$1 Bd6 32. Qh4 $16)) 27... Qc5 28. Bc3 Qe7 29. Bh3 Nc5 $2 {A tactical
oversight in a position, where there was still a lot of fighting ahead.} (29...
Kh8 30. Qf3 $36 {[%cal Yg4e3,Ye3f5,Ye3d5] /\Ne3-d5,f5}) 30. Nf6+ $1 $18 Kh8 31.
Nxe8 Nxe4 (31... Qxe8 32. Qxe5 $18) 32. Qxe5 Nxc3 33. Qxe7 Bxe7 34. Re1 Bb4 35.
Bg2 {Forces further exchanges.} (35. Bg2 h6 36. Bxc6 bxc6 37. gxh6 gxh6 38. Nf6
Kg7 39. Ne4 $18) 1-0

[Event "RUS-Cup4"]
[Site "Perm"]
[Date "1997.??.??"]
[Round "7"]
[White "Peregudov, Nickolai"]
[Black "Brodsky, Michail"]
[Result "1/2-1/2"]
[WhiteElo "2350"]
[BlackElo "2515"]
[Annotator "Tsesarsky,I"]
[PlyCount "66"]
[EventDate "1997.02.02"]
[EventType "swiss"]
[EventRounds "9"]
[EventCountry "RUS"]
[SourceTitle "CBM 058"]
[Source "ChessBase"]
[SourceDate "1997.06.01"]
[SourceVersion "1"]
[SourceVersionDate "1997.06.01"]
[SourceQuality "1"]

1. d4 Nf6 2. Nf3 d5 3. c4 e6 4. Nc3 c5 5. cxd5 cxd4 6. Nxd4 Nxd5 7. Bd2 Be7 8.
e3 O-O 9. Bc4 $146 (9. Be2 Nf6 (9... Nb6 10. O-O e5 11. Nf3 Nc6 12. Qc2 Be6 $11
{1/2-1/2 Grigore,G-Ulibin,M/WchJ-U20 Santiago 1990 (27)}) (9... e5 10. Nf3 Nc6
11. Nxd5 Qxd5 12. Bc3 Qxd1+ 13. Bxd1 f6 14. Bb3+ Kh8 15. O-O-O Bf5 16. Nh4 Bg4
17. f3 Bc8 18. g4 $14 {1-0 Lutz,C-Hausner,I/FRG-CupT 1990 (53)}) 10. Qc2 (10.
O-O e5 11. Nb3 Bf5 12. f3 Nc6 {1/2-1/2 Novikov,I-Brodsky,M/Isle of Man op 1996}
) 10... Bd7 11. Rd1 Qc8 12. f4 Nc6 13. Nf3 Nb4 14. Qb1 Bc6 15. O-O Bc5 16. Kh1
Nbd5 17. Nxd5 Nxd5 18. Ng5 g6 19. e4 $16 {1-0 Welz,T-Welling,G/Lugano op 1989 
(26)}) (9. Nxd5 Qxd5 10. Qb3 Qxb3 11. axb3 (11. Nxb3 Nc6 12. Rc1 $14 {Brodsky,M
}) 11... Bd7 12. Bc3 Nc6 13. Nxc6 Bxc6 14. Bd3 Rfd8 15. Ke2 Rd7 $10 {+/= Piket,
J-Brodsky,M/Wijk aan Zee 1995}) (9. Qb3 Nf6 10. Nf3 Nc6 11. Bb5 Bd7 $10) 9...
Nb6 10. Bd3 (10. Bb3 $5) 10... Bf6 11. Qc2 h6 12. Nf3 (12. O-O-O $5 e5 13. Nf3
Be6 14. Bh7+ Kh8 15. Bf5 Bxf5 16. Qxf5 Nc6 17. Kb1 Rc8 18. Bc1 Qc7 19. Nb5 Qe7
20. Nd6 Rcd8 21. Ne4 Nd5 22. Rd2 g6 23. Qh3 Bg7 24. Rhd1 Qb4 25. Nfg5 Qa5 26.
Ng3 Kg8 27. N5e4 f5 (27... Ncb4 28. a3) 28. Ne2 Rf7 29. N4c3 Nxc3+ 30. Nxc3 $11
) 12... Na6 13. Be2 (13. O-O Nb4 14. Bh7+ Kh8 15. Qb1 g6 16. Ne4 N4d5 17. Nxf6
Qxf6 (17... Nxf6 18. Bxg6 fxg6 19. Qxg6 $16 {[%cal Gd2c3]}) 18. e4 Kxh7 19.
exd5 Nxd5 20. Qc1 Qg7 $17) 13... Bd7 14. Ne4 Be7 15. Rd1 Nb4 16. Qb1 Qc7 17.
O-O (17. Rc1 Bc6 (17... Nc6 18. O-O Rfd8 19. b4 $5 (19. Nc5 Be8 20. Rfd1 Rac8
21. e4 $14 {[%cal Gd2e3]})) 18. O-O Rac8 19. Nd4 e5 20. Nxc6 Nxc6 21. Rfd1 $14
{[%csl Yd2,Ye2]}) 17... Rac8 18. Rc1 Qb8 19. Bc3 Nc6 (19... N4d5 20. Be5 $14)
20. b3 Nd5 (20... f5 $6 21. Ng3 Ba3 $6 22. Rcd1 (22. Bb2 Bxb2 23. Qxb2 e5 $11)
22... e5 23. b4 Be6 24. b5 $16) 21. Bb2 Rfd8 $11 22. Rfd1 (22. Qa1 Bf8 23. Rfd1
b5 $11) 22... Be8 23. a3 f6 $5 24. b4 Bf7 (24... a6 25. Nc5 Bf7 26. Qe4 e5 27.
Bd3 g6 28. Qh4 Kg7 $11) 25. Bc4 Rd7 (25... Bh5 26. Bxd5 exd5 27. Ned2 Qd6 28.
Qf5 $14) 26. Bxd5 Rxd5 27. Rxd5 exd5 28. Ng3 (28. Nc5 $14) 28... Re8 29. Qf5 (
29. Nf5 Bf8 30. Qc2 $14) 29... Bd8 30. Qg4 Kh7 31. Qf5+ Kg8 32. Qg4 Kh7 33.
Qf5+ $6 {( (+) - ? )} (33. Nf5 g6 34. N5d4 Ne5 35. Nxe5 (35. Rc8 Qd6 36. Nb5
Qe7 37. Qf4 a6 38. Nd6 $1 Qxd6 39. Bxe5 Qe6 40. Rxd8 Rxd8 41. Bxf6 Rc8 42. Bb2
Rc4 43. Nd4 Qe7 44. h4 $44) 35... fxe5 (35... Qxe5 36. Qd7 Qe7 37. Qxe7 Rxe7
38. Nb5 {[%csl Ra7,Rf6]} Bb6 $1 39. Bxf6 $1 Rxe3 $1 40. Bd8 $1 Re6 (40... Re2
41. Bxb6 axb6 42. Kf1 $16) 41. Bxb6 axb6 42. Nd4 Re4 43. Rd1 Be8 44. Kf1 Kg7
45. Rd3 Kf6 46. f3 Re7 47. Kf2 $14) 36. Nf3 Bf6 37. Qd7 Kg7 38. Qc7 Qxc7 39.
Rxc7 $16) 33... Kg8 1/2-1/2

[Event "Hoogovens-B"]
[Site "Wijk aan Zee"]
[Date "1997.01.31"]
[Round "9"]
[White "Cifuentes Parada, Roberto"]
[Black "Van der Wiel, John"]
[Result "1/2-1/2"]
[WhiteElo "2515"]
[BlackElo "2555"]
[Annotator "Yudasin,L"]
[PlyCount "123"]
[EventDate "1997.01.21"]
[EventType "tourn"]
[EventRounds "11"]
[EventCountry "NED"]
[EventCategory "10"]
[SourceTitle "CBM 057"]
[Source "ChessBase"]
[SourceDate "1997.04.01"]
[SourceVersion "1"]
[SourceVersionDate "1997.04.01"]
[SourceQuality "1"]

1. d4 {Hecht} Nf6 2. c4 e6 3. g3 c5 4. Nf3 cxd4 5. Nxd4 Qc7 6. Nd2 (6. Bg2 $5
Qxc4 (6... a6 7. O-O) 7. Nc3 $44) 6... b6 7. Bg2 Bb7 8. Nb5 Qc8 9. e4 $1 (9.
Bxb7 Qxb7 10. O-O a6 11. Nc3 Be7 $11) 9... a6 10. Nc3 d6 11. O-O Nbd7 12. b3
Be7 (12... b5 13. Ba3 $1 {-Rc1} Bc6 14. Rc1 Qb7 (14... Qb8 15. cxb5 axb5 16.
Bb4) 15. Nd5 $1 exd5 16. exd5 Nxd5 17. cxd5 Bxd5 18. Re1+ $40 {with no chances
for black to hold this position}) 13. Bb2 O-O 14. Rc1 Re8 15. Qe2 Qb8 (15...
Qc7 {with Rac8 was a possible idea}) (15... Ra7 $5 {with Ba8 and Rc7}) 16. Rfe1
b5 $6 (16... Qa7 17. g4 h6 18. Kh1 {with f4 and g5 with some attack on the
King's side}) 17. cxb5 axb5 18. Qxb5 {threatening e5} Ne5 (18... Qa7 19. e5 Ba6
(19... Ng4 20. Qxb7 Qxf2+ 21. Kh1 Ra7 $1 22. Qb4 Qxd2 23. Re2 Qg5 24. exd6 $18)
20. exf6 $1 Bxb5 21. Nxb5 Qxa2 22. fxe7 $16) 19. Na4 Qa7 20. Bxe5 $1 dxe5 21.
Nc4 $16 Ng4 22. Qb6 Qxb6 23. Ncxb6 Ra7 24. Red1 {white of course is much
better,he has an extra pawn and also a two connected passed pawns,but black
still has the two bishop plus some chances for counter play} (24. Rc7 Bd8 25.
Rc2 $16) 24... Nf6 $8 25. f3 g5 $1 {threatening g4} 26. g4 Rd8 (26... Bd8 27.
Nc4 {[%cal Gc4d6,Gc4e5]}) 27. Bf1 Rd4 $1 28. Rxd4 $6 (28. Be2) 28... exd4 29.
Nc5 Bxc5 $8 30. Rxc5 Rxa2 31. Rxg5+ (31. Rc7 Ba6 (31... Bxe4 32. fxe4 Nxg4 33.
Nc4 Nxh2 34. Ne5 f6 35. Bg2 fxe5 36. Kxh2 Rb2 {with h5~~}) 32. Ra7 d3 33. Bxd3
$18) 31... Kf8 32. Rc5 Ra1 33. Kf2 (33. Kg2 Ra2+ 34. Kg3 Bxe4 35. Rc8+ $16)
33... Bxe4 34. Rc8+ (34. g5 Nd5) 34... Kg7 35. fxe4 Nxe4+ 36. Kg2 Ra2+ 37. Kf3
(37. Kg1 Nd2 {[%cal Gd2f3,Ga2h2]} 38. Bg2 Nxb3 $13) 37... Nd2+ 38. Ke2 Nxb3+ (
38... d3+ 39. Kxd3 Nxf1 40. h4 $13) 39. Kd3 Rxh2 40. Nd7 $2 (40. Nc4 $13) 40...
Rh1 41. Bg2 $2 (41. Be2 $15) 41... Re1 $2 (41... Rd1+ 42. Ke2 (42. Ke4 Re1+ {
[%cal Gd4d1]}) 42... Rd2+ 43. Kf1 d3 $17) 42. Rb8 $1 Re3+ 43. Kc4 Rc3+ 44. Kb4
Rg3 45. Bc6 Nd2 46. Rd8 $1 {[%cal Gd8d1]} Rxg4 (46... Rb3+ 47. Ka4 {with Bb5})
47. Ne5 Rf4 (47... Rg5 48. Rxd4 $15) 48. Be8 $1 Nf3 (48... f6 49. Nd3 {with Rd7
}) 49. Nxf3 Rxf3 50. Rxd4 h5 $15 51. Kc4 Kf6 52. Bc6 Rg3 53. Rf4+ $11 Kg7 54.
Be8 Rg4 55. Rxg4+ hxg4 {[#] Hecht Blockade der Freibauern durch den wK ==>
Remis} 56. Kd4 Kf6 (56... f5 57. Ke5) 57. Ke4 Ke7 58. Bb5 Kd6 59. Kf4 f5 60.
Bc4 Ke7 61. Ke5 g3 62. Bf1 1/2-1/2

[Event "SWE-ch"]
[Site "Linkoping"]
[Date "2001.07.13"]
[Round "12"]
[White "Barkhagen, Jonas"]
[Black "Carlsson, Pontus"]
[Result "0-1"]
[WhiteElo "2456"]
[BlackElo "2330"]
[Annotator "Ziegler,A"]
[PlyCount "146"]
[EventDate "2001.06.30"]
[EventType "tourn"]
[EventRounds "13"]
[EventCountry "SWE"]
[EventCategory "8"]
[SourceTitle "CBM 085"]
[Source "ChessBase"]
[SourceDate "2001.11.13"]
[SourceVersion "1"]
[SourceVersionDate "2001.11.13"]
[SourceQuality "1"]

1. d4 Nf6 2. Nf3 e6 3. g3 {Vit avböjer indiska diskussioner, och väljer
istället att språka flankiska.} c5 4. c4 cxd4 5. Nxd4 a6 {Svart söker sig till
treradersuppställningen.} ({Med} 5... Nc6 {blir det mer engelskliknande spel.})
6. Bg2 Qc7 7. b3 Bb4+ {Ett klokt drag. Löparen står optimalt på b2, men för
att hamna där måste vit investera ett extra tempo.} 8. Bd2 Be7 9. O-O Nc6 10.
Nc2 b6 11. Nc3 Bb7 12. e4 O-O 13. Qe2 {Ett olyckligt drag. Damen står inte bra
här.} (13. Be3 {Var bättre.}) 13... d6 14. Rfd1 Rfe8 15. Rac1 Rac8 {[#]Svart
står perfekt, Han är redo att bemöta alla vits aktioner. Damflygeltornet kan
stå på flera rutor. På b8 dämpar den vits aktiviteter längs den långa vita
diagonalen. På c8 ger tornet damen möjlighet att krypa bakom löparen och
eventuellt komma så djupt ner som till a8 för att därifrån skjuta med
långskott mot e4.} 16. Be3 Ne5 {Springaren skymde löparens sikt. På d7 står
den bättre.} 17. Nd4 Qb8 18. h3 Qa8 19. f4 Ned7 {Vits viktigaste prioritet i
ställningen är att aldrig tillåta ...d5 eller ...b5. När han har det under
kontroll kan han försiktigt smyga fram på kungsflygeln.} 20. Bf2 Bf8 {Svart
börjar leka med drag som ...e5 och ...d5.} 21. Re1 (21. g4 Nc5 22. Re1 e5 23.
fxe5 Rxe5 24. Nf3 Ree8 25. Nd2 d5 {Med lika spel, (minst) för svart. En
nackdel med damplaceringen på e2.}) 21... g6 (21... e5 22. fxe5 dxe5 23. Nc2
Red8 24. Nd5 {Ger vit det lättare spelet.}) (21... d5 $2 22. e5 Ne4 23. Nxe4
dxe4 24. Bxe4) 22. Nf3 Bc6 23. Rcd1 Rcd8 (23... b5 $1) 24. a4 {Textdraget
förhindrar ...b5 men b3 blir svagt.} Nc5 25. Nd4 Bb7 26. b4 Ncd7 {[#]Det här
ser optiskt bra ut för vit. Men nu blir c4-bonden svag.} 27. Nc2 {Alldeles för
passivt.} (27. b5 {Det var nog lika bra att slänga fram bonden ett snäpp till
och därmed få tillgång till taktiska motiv som stavas Sc6!} {T ex:} Nc5 (27...
e5 {Är nog bättre, men vit kan börja plutta lite med hästarna:} 28. bxa6 Qxa6
29. Ndb5) 28. Nc6 Bxc6 29. bxc6 Qc8 (29... Qxc6 $2 30. e5 $1) 30. g4 {Och vit
har spel.}) 27... Rc8 28. Qd3 a5 29. b5 Nc5 {Nu är även a4-bonden svag.} 30.
Qe2 Rc7 31. Nd4 d5 32. cxd5 exd5 33. e5 Nfe4 {[#] Vit har misslyckats med sin
strategi. Svart har uppnått utjämning. Det värsta av allt är att vitspelarna
brukar bli demoraliserade när svart fixat ...d5 utan att bli straffad.} 34.
Nxe4 $6 (34. Rc1 {Med sikte på remi var bättre.}) 34... dxe4 35. Qc2 Rec8 36.
Nc6 {Jonas får panik.} Bxc6 37. bxc6 Qxc6 38. Bxe4 Qxa4 39. Qxa4 Nxa4 40. Ra1
Nc5 41. Bc2 {Jonas har visat extrem uthållighet i försvaret under första
halvan av turneringen. Nu sätts han återigen på hårda prov. Innan partiet
ville nog Jonas gärna vinna dagens duell. Men nu är remi det bästa han kan
uppnå. Och eftersom en remi antagligen inte var ett bra resultat innan partiet
kanske det blir svårare att mobilisera maximal energi under rådande
omständigheter. Man måste se remi som en seger här.} Ne6 42. Ba4 Bc5 ({Svart
är lite otålig. Byta kan man göra senare.} 42... Bb4 {var starkt.}) 43. Reb1
Bxf2+ 44. Kxf2 Nc5 45. Rxb6 Nxa4 46. Rxa4 Rc2+ 47. Ke3 R8c3+ {[#]} 48. Ke4 $2 (
48. Kd4 Rxg3 49. Rxa5 {Blir remi.}) 48... Rxg3 49. Rxa5 Rc4+ 50. Kd5 Rxf4 51.
h4 Rd3+ 52. Kc5 Rxh4 53. Ra7 Re3 54. Rb8+ Kg7 55. Re8 {Jonas spelar vidare av
ren besvikelse.} Rf4 56. e6 Re5+ 57. Kd6 Ref5 58. e7 Rd4+ 59. Kc6 Rc4+ 60. Kd6
Rd4+ 61. Kc6 Re4 62. Kd7 Rd5+ 63. Kc8 Rde5 64. Kd8 Kf6 65. Ra6+ Re6 66. Rxe6+
Rxe6 67. Rh8 Rxe7 68. Rxh7 Re3 69. Rh1 g5 70. Kd7 g4 71. Kd6 Rd3+ 72. Kc5 Kg5
73. Kc4 Rd8 0-1